Science Quiz

Random Science or Clickable Quiz

Head-to-Toe Blitz Quiz Stats

 Plays Quiz Updated Sep 26, 2013

Support Sporcle.
Go Orange.
Score 0/16 Timer 01:00
45 Plays Today
% Correct
???
100%
???
92.2%
???
80.7%
???
74.9%
???
67.7%
???
63.8%
???
60.6%
???
58.3%
% Correct
???
56.2%
???
48.7%
???
46.9%
???
43.1%
???
41.7%
???
39.5%
???
38.5%
???
38.1%

You're not logged in!

Compare scores with friends on all Sporcle quizzes.
OR
Log In

From the Vault

AFC Championship Starting QBs

by awesnap

The pressure is real.
Remove Ads.
Support Sporcle.
Get the best of Sporcle when you Go Orange. This ad-free experience offers more features, more stats, and more fun while also helping to support Sporcle. Thank you for becoming a member.

Show Comments

Extras

Top Quizzes Today


Score Distribution

Your Account Isn't Verified!

In order to create a playlist on Sporcle, you need to verify the email address you used during registration. Go to your Sporcle Settings to finish the process.

Report this User

Report this user for behavior that violates our Community Guidelines.

Details: